Fungovanie správnych orgánov vo vybranom podniku diplomová práca

Saved in:
Bibliographic Details
Main Author: Magera, Dávid
Corporate Author: Fakulta podnikového manažmentu EU. Katedra manažmentu
Other Authors: Záležáková, Eliška
Format: Book
Language:Slovak
Published: Bratislava 2017
Tags: Add Tag
No Tags, Be the first to tag this record!

MARC

LEADER 00000nbm a2200000 4500
001 0232441
005 20171219102057.4
041 0 |a slo 
044 |a SK 
245 1 0 |a Fungovanie správnych orgánov vo vybranom podniku  |b diplomová práca  |c Dávid Magera ; školiteľ: Eliška Záležáková 
264 1 |a Bratislava  |c 2017 
300 |a 77 s. 
100 1 |a Magera, Dávid 
700 1 |a Záležáková, Eliška 
710 2 |a Fakulta podnikového manažmentu EU. Katedra manažmentu